Southville International School and Colleges
Your cart is empty.
  • Cart
  • Lists
    Public lists Eva Luna New books Lux_list list_1
    Your lists Log in to create your own lists
  • Log in to your account
  • Your cookies
  • Search history
Southville International School and Colleges
  • Advanced search
  • Recent comments
  • Most popular
  • Libraries

Log in to your account

Log in with GOOGLE


If you do not have an external account, but do have a local account, you can still log in:

  1. Home
  2. MARC view: Soft furnishing :
Normal view MARC view ISBD view

Soft furnishing : (Record no. 9228)

[ view plain ]
MARC details
000 -LEADER
fixed length control field 00672nam a22002057a 4500
003 - CONTROL NUMBER IDENTIFIER
control field SISC
005 - DATE AND TIME OF LATEST TRANSACTION
control field 20160317132238.0
008 - FIXED-LENGTH DATA ELEMENTS--GENERAL INFORMATION
fixed length control field 130823t xxu||||| |||| 00| 0 eng d
020 ## - INTERNATIONAL STANDARD BOOK NUMBER
International Standard Book Number 9781855015999
050 ## - LIBRARY OF CONGRESS CALL NUMBER
Classification number NK 70
Item number .So681 1995
082 ## - DEWEY DECIMAL CLASSIFICATION NUMBER
Classification number HS 747
Item number So23 1995
240 ## - UNIFORM TITLE
Uniform title <a href="Creative crafts for creative hands">Creative crafts for creative hands</a>
245 ## - TITLE STATEMENT
Title Soft furnishing :
Remainder of title how to make beautiful gifts and objects for the home, from basic techniques to finishing touches /
260 ## - PUBLICATION, DISTRIBUTION, ETC. (IMPRINT)
Place of publication, distribution, etc London :
Name of publisher, distributor, etc Tiger Books International,
Date of publication, distribution, etc 1995.
300 ## - PHYSICAL DESCRIPTION
Extent 60 p. ;
Other physical details ill. col. ;
Dimensions 30 cm.
650 ## - SUBJECT ADDED ENTRY--TOPICAL TERM
Topical term or geographic name as entry element Interior design
9 (RLIN) 1128
650 ## - SUBJECT ADDED ENTRY--TOPICAL TERM
Topical term or geographic name as entry element Decoration and ornament
9 (RLIN) 12878
942 ## - ADDED ENTRY ELEMENTS (KOHA)
Source of classification or shelving scheme Library of Congress Classification
Koha item type Books
Holdings
Withdrawn status Lost status Source of classification or shelving scheme Damaged status Home library Current library Shelving location Date acquired Total Checkouts Full call number Barcode Date last seen Copy number Price effective from Koha item type
    Library of Congress Classification   Luxembourg Library Luxembourg Library High School Section 08/23/2013   NK 70 .So681 1995 4977 03/17/2016 1 08/23/2013 Books

Soft furnishing :

APA

(1995). Soft furnishing. London: Tiger Books International.

Chicago

1995. Soft furnishing. London: Tiger Books International.

Harvard

(1995). Soft furnishing. London: Tiger Books International.

MLA

Soft furnishing. London: Tiger Books International. 1995.

  • Place hold
  • Print
  • Cite
  • Add to your cart (remove)
  • Save record
    BIBTEX Dublin Core MARCXML MARC (non-Unicode/MARC-8) MARC (Unicode/UTF-8) MARC (Unicode/UTF-8, Standard) MODS (XML) RIS
  • More searches
    Search for this title in:
    Other Libraries (WorldCat) Other Databases (Google Scholar) Online Stores (Bookfinder.com) Open Library (openlibrary.org)

Exporting to Dublin Core...

SOUTHVILLE LIBRARY

Southville International School and Colleges Library

1281 Tropical Ave. Cor. Luxembourg St., BF Homes International, Las Pinas City

Tel. No. 8256374 / 252358 Loc. 117/146

Powered by Koha